| Tag |
First Indicator |
Second Indicator |
Subfields |
| LEADER |
00000pam a2200000 a 4500 |
| 001 |
in00000071827 |
| 005 |
20151008062418.0 |
| 008 |
800828s1980 ilu b 00010dengm |
| 010 |
|
|
|a 80023611
|
| 020 |
|
|
|a 0838932517
|
| 035 |
|
|
|a (OCoLC)06734461
|
| 035 |
|
|
|9 AAK0174AM
|
| 040 |
|
|
|a DLC
|c DLC
|d m.c.
|d TXA
|d UtOrBLW
|
| 043 |
|
|
|a n-us---
|
| 049 |
|
|
|a TXAM
|c [1422164]
|
| 050 |
0 |
0 |
|a Z674
|b .A75 no. 41
|a Z720.A4
|
| 082 |
0 |
|
|a 020/.92/2
|2 19
|
| 100 |
1 |
|
|a Lundy, Kathryn Renfro,
|d 1918-
|
| 245 |
1 |
0 |
|a Women view librarianship :
|b nine perspectives /
|c Kathryn Renfro Lundy ; with pencil portraits by Duane Hutchinson.
|
| 264 |
|
1 |
|a Chicago :
|b American Library Association,
|c 1980.
|
| 300 |
|
|
|a viii, 99 pages ;
|c 23 cm.
|
| 336 |
|
|
|a text
|b txt
|2 rdacontent
|
| 337 |
|
|
|a unmediated
|b n
|2 rdamedia
|
| 338 |
|
|
|a volume
|b nc
|2 rdacarrier
|
| 490 |
1 |
|
|a ACRL publications in librarianship ;
|v no. 41
|
| 504 |
|
|
|a Includes bibliographical references.
|
| 650 |
|
0 |
|a Women librarians
|z United States
|x Interviews.
|
| 650 |
|
0 |
|a Library science
|z United States.
|
| 650 |
|
0 |
|a Academic libraries
|z United States
|x Administration.
|
| 830 |
|
0 |
|a ACRL publications in librarianship ;
|v no. 41.
|
| 999 |
|
|
|a MARS
|
| 999 |
f |
f |
|s 49167b47-19ac-319d-bf1e-45f4d193ea15
|i 1774f0d6-98d8-3030-9d0a-82242930a159
|t 0
|
| 952 |
f |
f |
|p ric
|a Texas A&M University
|b Rellis Campus
|c Joint Library Facility
|d Remote Storage
|t 0
|e Z674 .A75 no.41
|h Library of Congress classification
|i unmediated -- volume
|m A14806262186
|
| 998 |
f |
f |
|a Z674 .A75 no.41
|t 0
|l Remote Storage
|